[Event "Reykjavik"]
[Site "Reykjavik"]
[Date "1987.??.??"]
[Round "?"]
[White "Arnason, Jon L"]
[Black "Ljubojevic, Ljubomir"]
[Result "1-0"]
[WhiteElo "2540"]
[BlackElo "2620"]

1.e4 c5 2.Nf3 d6 3.d4 cxd4 4.Nxd4 Nf6 5.Nc3 a6 6.f4 g6 7.Nf3 Nc6 8.e5 dxe5
9.Qxd8+ Kxd8 10.fxe5 Nd7 11.Bf4 e6 12.O-O-O h6 13.g4 Kc7 14.Ne4 Bg7 15.Nd6 Rf8
16.Bg2 Nb6 17.c4 Bd7 18.Bg3 Rad8 19.Bh4 Rb8 20.Rhe1 Be8 21.Re2 Nd7 22.Bg3 Rd8
23.a3 Nb6 24.b3 Nc8 25.b4 Nb8 26.b5 axb5 27.cxb5 Nxd6 28.exd6+ Kb6 29.Bf2+ Ka5
30.Be1+ Kb6 31.Bf2+ Ka5 32.Be1+ Kb6 33.a4 Rc8+ 34.Rc2 Bd7 35.Nd2 Bc3 36.Bf2+ Ka5
37.Bxb7 Bxd2+ 38.Rxd2 Rxc2+ 39.Rxc2 Kxa4 40.b6 f5 41.gxf5 Rxf5 42.Be3 Kb5
43.Bc8 Re5 44.Bf2 Rd5 45.b7 Rxd6  1-0

[Event "Reykjavik"]
[Site "Reykjavik"]
[Date "1987.??.??"]
[Round "?"]
[White "Portisch, Lajos"]
[Black "Short, Nigel D"]
[Result "1/2-1/2"]
[WhiteElo "2610"]
[BlackElo "2615"]

1.d4 e6 2.c4 f5 3.g3 Nf6 4.Bg2 d5 5.Nf3 c6 6.O-O Bd6 7.Qc2 O-O 8.Bf4 Bxf4
9.gxf4 Ne4 10.Nbd2 Nd7 11.e3 Qe7 12.Rfc1 Kh8 13.Nf1 Rg8 14.Ne5 g5 15.cxd5 exd5
16.f3 Nd6 17.Qf2 g4 18.fxg4 fxg4 19.Ng3 Nf6 20.f5 Bd7 21.Rf1 Nf7  1/2-1/2

[Event "Reykjavik"]
[Site "Reykjavik"]
[Date "1987.??.??"]
[Round "?"]
[White "Agdestein, Simen"]
[Black "Arnason, Jon L"]
[Result "1-0"]
[WhiteElo "2560"]
[BlackElo "2540"]

1.d4 Nf6 2.c4 e6 3.Nf3 b6 4.a3 Ba6 5.Qc2 Bb7 6.Nc3 c5 7.e4 cxd4 8.Nxd4 d6
9.Be2 Nbd7 10.O-O a6 11.Be3 Rc8 12.f4 Be7 13.b4 Qc7 14.Rac1 O-O 15.g4 h6
16.g5 hxg5 17.fxg5 Ne8 18.g6 Ne5 19.gxf7+ Rxf7 20.Nxe6 Qd7 21.Rxf7 Qxe6 22.Rf2 Nxc4
23.Qb3 b5 24.Rg2 Nf6 25.Bd4 Bf8 26.Rf1 Be7 27.a4 Kh8 28.axb5 axb5 29.Bxf6 Bxf6
30.Bg4 Qf7 31.Nxb5 Re8 32.Qh3+ Kg8 33.Bf5 g5 34.Qh6 Rf8 35.Bh7+ Qxh7 36.Rxg5+ Qg7
37.Rxf6  1-0

[Event "Reykjavik"]
[Site "Reykjavik"]
[Date "1987.??.??"]
[Round "?"]
[White "Agdestein, Simen"]
[Black "Ljubojevic, Ljubomir"]
[Result "1/2-1/2"]
[WhiteElo "2560"]
[BlackElo "2620"]

1.d4 Nf6 2.c4 e6 3.Nf3 b6 4.a3 Bb7 5.Nc3 d5 6.cxd5 exd5 7.Bf4 Be7 8.e3 O-O
9.Bd3 c5 10.Ne5 a6 11.Qf3 Nc6 12.O-O Re8 13.Rad1 cxd4 14.Nxc6 Bxc6 15.exd4 b5  1/2-1/2

[Event "Reykjavik"]
[Site "Reykjavik"]
[Date "1987.??.??"]
[Round "?"]
[White "Portisch, Lajos"]
[Black "Ljubojevic, Ljubomir"]
[Result "1-0"]
[WhiteElo "2610"]
[BlackElo "2620"]

1.d4 Nf6 2.c4 e6 3.Nf3 b6 4.g3 Ba6 5.b3 d5 6.cxd5 exd5 7.Bg2 Bb4+ 8.Bd2 Bxd2+
9.Qxd2 O-O 10.O-O Re8 11.Re1 c5 12.Nc3 Nc6 13.dxc5 bxc5 14.Rac1 Rc8 15.Nh4 d4
16.Na4 c4 17.Nc5 c3 18.Qd1 Qb6 19.Nxa6 Qxa6 20.Nf5 Re5 21.Nxd4 Nxd4 22.Qxd4 Rxe2
23.Bh3 Rxe1+ 24.Rxe1 Rb8 25.Qe5 Rd8 26.Qc7 Qd3 27.Bf1 Qd4 28.Re3 Ng4 29.Rf3 Ne5
30.Rf4 Qd1 31.Qxe5 c2 32.Qc7 Rd7 33.Qc8+ Rd8 34.Rc4 g6 35.Qc5 Re8 36.Qa3 Re1
37.Rc8+ Kg7 38.Qf8+ Kf6 39.Rc6+ Kg5 40.h4+ Kg4 41.Rc4+ Kh5 42.Rc5+ f5 43.Rxf5+  1-0

[Event "Reykjavik"]
[Site "Reykjavik"]
[Date "1987.??.??"]
[Round "?"]
[White "Arnason, Jon L"]
[Black "Tal, Mihail"]
[Result "1/2-1/2"]
[WhiteElo "2540"]
[BlackElo "2605"]

1.e4 c6 2.d4 d5 3.Nc3 dxe4 4.Nxe4 Nd7 5.Bc4 Ngf6 6.Ng5 e6 7.Qe2 Nb6 8.Bd3 h6
9.N5f3 c5 10.dxc5 Nbd7 11.b4  1/2-1/2

[Event "Reykjavik"]
[Site "Reykjavik"]
[Date "1987.??.??"]
[Round "?"]
[White "Arnason, Jon L"]
[Black "Olafsson, Helgi"]
[Result "1/2-1/2"]
[WhiteElo "2540"]
[BlackElo "2555"]

1.e4 c5 2.Nf3 d6 3.d4 cxd4 4.Nxd4 Nf6 5.Nc3 a6 6.Be2 e5 7.Nb3 Be7 8.O-O O-O
9.Re1 Nbd7 10.a4 b6 11.Bc4 Bb7 12.Bg5 Qc7 13.Qe2 Rfc8 14.Nd2 h6 15.Bxf6 Nxf6
16.Bb3 Bc6 17.Nc4 Nxe4 18.Nxe4 d5 19.Nxb6 Qxb6 20.Nc3 Qa5 21.Qxe5 Bf6 22.Qf5 Bxc3  1/2-1/2

[Event "Reykjavik"]
[Site "Reykjavik"]
[Date "1987.??.??"]
[Round "?"]
[White "Hjartarson, Johann"]
[Black "Agdestein, Simen"]
[Result "1/2-1/2"]
[WhiteElo "2555"]
[BlackElo "2560"]

1.Nf3 Nf6 2.c4 b6 3.d4 e6 4.Nc3 Bb7 5.Bg5 Bb4 6.e3 h6 7.Bh4 g5 8.Bg3 Ne4
9.Qc2 Bxc3+ 10.bxc3 d6 11.Bd3 Nxg3 12.fxg3 Nd7 13.O-O Qe7 14.Rf2 O-O-O 15.Qa4 Kb8
16.Nd2 g4 17.Be4 h5 18.Bxb7 Kxb7 19.Rb1 Nb8 20.Qc2 Rdf8 21.Qe4+ c6 22.Rbf1 Nd7
23.a4 a5 24.Nb3 Kc7 25.c5 f5 26.cxb6+ Nxb6 27.Rxf5 Rxf5 28.Rxf5 Nd5 29.Rf1 Rf8
30.Rxf8 Qxf8 31.Nxa5 Qf5 32.Qxf5 exf5 33.c4 Nxe3 34.Kf2 Nd1+ 35.Ke2 Nb2 36.Ke3 Kb6
37.Nb3 Nxc4+ 38.Kf4 c5 39.dxc5+ dxc5 40.Kxf5 Ne3+ 41.Ke4 Nxg2 42.a5+ Kb5
43.a6 Kxa6 44.Nxc5+ Kb5 45.Nd3 h4 46.Ne5 hxg3 47.hxg3 Kc5 48.Nxg4 Kd6 49.Ne5 Ne3
50.Nf7+ Ke7 51.Kxe3 Kxf7 52.Kf3 Kg7 53.Kg4  1/2-1/2

[Event "Reykjavik"]
[Site "Reykjavik"]
[Date "1987.??.??"]
[Round "?"]
[White "Agdestein, Simen"]
[Black "Short, Nigel D"]
[Result "1/2-1/2"]
[WhiteElo "2560"]
[BlackElo "2615"]

1.Nf3 c5 2.c4 Nf6 3.Nc3 e6 4.g3 b6 5.Bg2 Bb7 6.O-O Be7 7.d4 cxd4 8.Qxd4 d6
9.Rd1 a6 10.b3 Nbd7 11.e4 Qc7 12.Ba3  1/2-1/2

[Event "Reykjavik"]
[Site "Reykjavik"]
[Date "1987.??.??"]
[Round "?"]
[White "Hjartarson, Johann"]
[Black "Polugaevsky, Lev"]
[Result "0-1"]
[WhiteElo "2555"]
[BlackElo "2585"]

1.e4 c5 2.Nf3 d6 3.d4 cxd4 4.Nxd4 Nf6 5.Nc3 a6 6.Be3 e6 7.Qd2 b5 8.f3 Nbd7
9.O-O-O Bb7 10.g4 h6 11.Bd3 Ne5 12.Kb1 b4 13.Nce2 d5 14.exd5 Nxd5 15.Bf2 Be7
16.h4 Qd7 17.g5 Nxd3 18.Qxd3 hxg5 19.hxg5 Rxh1 20.Rxh1 O-O-O 21.Bg3 Bxg5
22.Qc4+ Nc7 23.Qxb4 Bf6 24.Qa5 Qe7 25.Be5 Bxe5 26.Qxe5 Qf6 27.Qxf6 gxf6 28.Rf1 Nd5
29.Rf2 Ne3 30.b4 e5 31.Nb3 f5 32.Nc3 f4 33.Nc5 Rd4 34.a3 Nc4 35.Nxb7 Kxb7
36.a4 Nb6 37.b5 Nxa4 38.bxa6+ Kxa6 39.Nxa4 Rxa4 40.Kb2 Kb5 41.Rh2 Kc4 42.Rh7 Ra7
43.Kc1 Ra3  0-1

[Event "Reykjavik"]
[Site "Reykjavik"]
[Date "1987.??.??"]
[Round "?"]
[White "Hjartarson, Johann"]
[Black "Olafsson, Helgi"]
[Result "1/2-1/2"]
[WhiteElo "2555"]
[BlackElo "2555"]

1.d4 Nf6 2.c4 e6 3.Nf3 d5 4.Nc3 Be7 5.Bg5 h6 6.Bxf6 Bxf6 7.e3 O-O 8.Rc1 c6
9.Bd3 Nd7 10.O-O dxc4 11.Bxc4 e5 12.h3 exd4 13.exd4 Nb6 14.Bb3 Bf5 15.Re1 a5
16.Ne5 a4 17.Nxa4 Nxa4 18.Bxa4 Be6 19.Bc2 Re8 20.Qd3 g6 21.Rcd1 Bxe5 22.Rxe5 Bf5
23.Rxf5 gxf5 24.Qxf5 Qg5 25.Qh7+ Kf8 26.Bb3 Qf6 27.Rd3 Qg6 28.Qxg6 fxg6 29.Rf3+ Kg7
30.Rf7+ Kh8 31.Rxb7 Re1+ 32.Kh2 Rf8 33.Rc7 Rxf2 34.Rxc6 Kg7 35.Rc7+ Kh8 36.Rc6 Kg7
37.Rc7+  1/2-1/2

[Event "Reykjavik"]
[Site "Reykjavik"]
[Date "1987.??.??"]
[Round "?"]
[White "Hjartarson, Johann"]
[Black "Timman, Jan H"]
[Result "1/2-1/2"]
[WhiteElo "2555"]
[BlackElo "2590"]

1.e4 c5 2.Nf3 e6 3.d4 cxd4 4.Nxd4 Nf6 5.Nc3 d6 6.Be2 Be7 7.O-O O-O 8.f4 Nc6
9.Kh1 a6 10.Bf3 Qc7 11.Nxc6 bxc6 12.Na4 a5 13.c4 Ba6 14.b3 d5 15.e5 Nd7 16.Qc2 Nc5
17.Nxc5 Bxc5 18.Rd1 Qb6 19.Bd2 Rfd8 20.f5 dxc4 21.fxe6 fxe6 22.Be4 h6 23.Bxh6 gxh6
24.Bxc6 Rxd1+ 25.Rxd1 Qxc6 26.Qg6+ Kh8 27.Qxh6+  1/2-1/2

[Event "Reykjavik"]
[Site "Reykjavik"]
[Date "1987.??.??"]
[Round "?"]
[White "Kortschnoj, Viktor"]
[Black "Short, Nigel D"]
[Result "0-1"]
[WhiteElo "2625"]
[BlackElo "2615"]

1.d4 e6 2.e4 d5 3.Nc3 Nc6 4.Nf3 Nf6 5.exd5 exd5 6.Bb5 Bb4 7.O-O O-O 8.Bxc6 bxc6
9.Ne5 Qe8 10.Re1 Be6 11.Bd2 c5 12.a3 Bxc3 13.Bxc3 Ne4 14.dxc5 Nxc3 15.bxc3 Qa4
16.h3 Rab8 17.Qd4 Qxc2 18.Nc6 Ra8 19.Re3 Kh8 20.Rae1 Qg6 21.Rg3 Qh6 22.Qe3 Qf6
23.Rf3 Qg6 24.Ne5 Qe4 25.Qd2 Qh4 26.Nc6 Qa4 27.Ne5 Qxa3 28.Qd4 Qa6 29.Rfe3 Qc8
30.Nd3 Qd7 31.Nf4 Rae8 32.Rg3 f6 33.Rge3 Bf7 34.Nxd5 Bxd5  0-1

[Event "Reykjavik"]
[Site "Reykjavik"]
[Date "1987.??.??"]
[Round "?"]
[White "Ljubojevic, Ljubomir"]
[Black "Kortschnoj, Viktor"]
[Result "1/2-1/2"]
[WhiteElo "2620"]
[BlackElo "2625"]

1.e4 e5 2.Nf3 Nc6 3.Bb5 a6 4.Ba4 Nf6 5.O-O Nxe4 6.d4 b5 7.Bb3 d5 8.dxe5 Be6
9.c3 Bc5 10.Nbd2 Nxf2 11.Rxf2 f6 12.Qe2 O-O 13.exf6 Qxf6 14.Nf1 Bxf2+ 15.Qxf2 Ne5
16.Be3 Nxf3+ 17.Qxf3 Qxf3 18.gxf3 Rxf3 19.Bc5 c6 20.Kg2 Rf6 21.Re1 Re8 22.Re3 Bd7
23.Bc2 Rfe6 24.Rxe6 Bxe6 25.a4 Bd7 26.Ne3 bxa4 27.Bxa4 a5 28.Kf3 Re4 29.Bc2 Rh4
30.Kg3 Rh3+ 31.Kg2 Rh5 32.Bd1 Rh6 33.Bb6 Rg6+ 34.Kf2 Rh6 35.Bc7 Kf8 36.Ng4 Bxg4
37.Bxg4 Ke8 38.Kg3 a4 39.Bb6 Rg6 40.Kf4 Ke7 41.Bc5+ Kd8 42.Bb6+ Ke7 43.Bc5+ Kd8
44.h4 Rf6+ 45.Ke5 Rg6 46.Bb6+ Ke7 47.Bc5+ Kd8  1/2-1/2

[Event "Reykjavik"]
[Site "Reykjavik"]
[Date "1987.??.??"]
[Round "?"]
[White "Timman, Jan H"]
[Black "Polugaevsky, Lev"]
[Result "1/2-1/2"]
[WhiteElo "2590"]
[BlackElo "2585"]

1.d4 Nf6 2.c4 e6 3.Nf3 b6 4.a3 Ba6 5.Qc2 Bb7 6.Nc3 c5 7.e4 cxd4 8.Nxd4 Bc5
9.Nf3 Nc6 10.Bf4 Nh5 11.Bd2 a6 12.b4 Bd6 13.g3 Nf6 14.Be2 Rc8 15.O-O Ne5
16.Nxe5 Bxe5 17.Bd3 O-O 18.Rfe1 b5 19.cxb5 axb5 20.Qb3 Ng4 21.Rac1 Bd4 22.Rf1 Qb6
23.Nd1 Ne5 24.Rxc8 Rxc8 25.Bf4 d5 26.Bxe5 Bxe5 27.Qb1 g6 28.Re1 Bd4 29.exd5 Bxd5
30.Be4 Qc6 31.Bxd5 Qxd5 32.Ne3 Qc6 33.Qd3 Qc3 34.Qe2 Kg7 35.Ng4 h5 36.Ne5 Qxa3
37.Nxf7 Rf8 38.Rd1 Qa7 39.Rxd4 Qxd4 40.Ng5 Rf6 41.Nxe6+ Rxe6 42.Qxe6  1/2-1/2

[Event "Reykjavik"]
[Site "Reykjavik"]
[Date "1987.??.??"]
[Round "?"]
[White "Timman, Jan H"]
[Black "Agdestein, Simen"]
[Result "1-0"]
[WhiteElo "2590"]
[BlackElo "2560"]

1.d4 Nf6 2.c4 e6 3.Nf3 b6 4.g3 Ba6 5.Nbd2 Bb7 6.Bg2 c5 7.e4 cxd4 8.e5 Ng4
9.O-O Qc7 10.Re1 f6 11.h3 Nxe5 12.Nxe5 fxe5 13.Bxb7 Qxb7 14.Qh5+ Kd8 15.Nf3 d6
16.Ng5 g6 17.Qg4 Kc8 18.f4 Nc6 19.fxe5 Qd7 20.exd6 e5 21.Nf7 Qxg4 22.hxg4 Rg8
23.Nxe5 Nxe5 24.Rxe5 Bxd6 25.Rd5 Kc7 26.Kg2 Rae8 27.Bh6 Re2+ 28.Kh3 Rxb2
29.Rxd4 g5 30.Rad1 Rg6 31.Bxg5 Kc6 32.R1d2 Be5 33.Rd5 Rxd2 34.Bxd2 Rd6 35.Rxe5 Rxd2
36.Re7 Rxa2 37.Rxh7 a5 38.g5 Re2 39.Kg4 Re8 40.g6 Kd6 41.Rb7 Kc6 42.Rf7 Kc5
43.g7 Rg8 44.Rc7+ Kd6 45.Ra7 Kc5 46.Kf5 Kxc4 47.Kf6  1-0

[Event "Reykjavik"]
[Site "Reykjavik"]
[Date "1987.??.??"]
[Round "?"]
[White "Tal, Mihail"]
[Black "Timman, Jan H"]
[Result "1/2-1/2"]
[WhiteElo "2605"]
[BlackElo "2590"]

1.e4 e5 2.Nf3 Nf6 3.d4 Nxe4 4.Bd3 d5 5.Nxe5 Bd6 6.O-O O-O 7.c4 Bxe5 8.dxe5 Nc6
9.cxd5 Qxd5 10.Qc2 Nb4 11.Bxe4 Nxc2 12.Bxd5 Bf5 13.g4 Bxg4 14.Be4 Nxa1 15.Nc3 Bh3
16.Re1 f5 17.exf6 Rae8 18.Be3 Rxe4 19.Nxe4 Nc2 20.Rc1 Nxe3 21.fxe3 c6 22.Ng5 Bf5
23.f7+ Kh8 24.Rf1 Bg6 25.e4 h6 26.e5 hxg5 27.e6 Kh7 28.Rf3 g4 29.Rf4 Bxf7
30.Rxf7 Re8 31.Rxb7 Rxe6 32.Rxa7 Re2  1/2-1/2

[Event "Reykjavik"]
[Site "Reykjavik"]
[Date "1987.??.??"]
[Round "?"]
[White "Short, Nigel D"]
[Black "Timman, Jan H"]
[Result "1-0"]
[WhiteElo "2615"]
[BlackElo "2590"]

1.e4 e6 2.d4 d5 3.Nc3 Bb4 4.e5 c5 5.a3 Bxc3+ 6.bxc3 Ne7 7.Nf3 Qa5 8.Qd2 Bd7
9.Rb1 Bc6 10.Bd3 Nd7 11.O-O c4 12.Be2 h6 13.h4 O-O-O 14.Bd1 f5 15.exf6 Nxf6
16.Qe1 Ne4 17.Rb4 Rhf8 18.Ne5 Qc7 19.Bg4 Rf6 20.f3 Nd6 21.Bh3 Bd7 22.Rf2 Nc6
23.Rb1 Nf7 24.Nxd7 Qxd7 25.Bf4 g5 26.Re2 Re8 27.Bh2 gxh4 28.Qxh4 Ng5 29.Bg4 Qg7
30.Rbe1 b6 31.Qh5 Qd7 32.f4 Ne4 33.Rxe4 dxe4 34.d5 Nd8 35.Qe5 Rf5 36.dxe6 Qd2
37.Qxe4 Rd5 38.e7+ Kc7 39.f5+  1-0

[Event "Reykjavik"]
[Site "Reykjavik"]
[Date "1987.??.??"]
[Round "?"]
[White "Short, Nigel D"]
[Black "Tal, Mihail"]
[Result "1/2-1/2"]
[WhiteElo "2615"]
[BlackElo "2605"]

1.e4 e5 2.Nf3 Nc6 3.Bb5 a6 4.Ba4 Nf6 5.O-O Be7 6.Re1 b5 7.Bb3 O-O 8.d4 d6
9.c3 Bg4 10.Be3 exd4 11.cxd4 Na5 12.Bc2 c5 13.dxc5 dxc5 14.Nbd2 Nc6 15.h3  1/2-1/2

[Event "Reykjavik"]
[Site "Reykjavik"]
[Date "1987.??.??"]
[Round "?"]
[White "Short, Nigel D"]
[Black "Olafsson, Helgi"]
[Result "1-0"]
[WhiteElo "2615"]
[BlackElo "2555"]

1.e4 e5 2.Nf3 Nf6 3.Nxe5 d6 4.Nf3 Nxe4 5.d4 d5 6.Bd3 Nc6 7.O-O Bg4 8.c4 Nf6
9.cxd5 Bxf3 10.Qxf3 Qxd5 11.Qe2+ Be7 12.Bb5 Qd6 13.Nc3 O-O 14.Bxc6 bxc6 15.Rd1 Rfe8
16.Qf3 Nd5 17.Nxd5 Qxd5 18.Qxd5 cxd5 19.Bf4 c6 20.Rac1 Rac8 21.Kf1 f6 22.Rd3 Kf7
23.f3 Bf8 24.Rb3 h5 25.h4 Re6 26.a4 Ke8 27.Re1 Rxe1+ 28.Kxe1 c5 29.dxc5 Bxc5
30.Rb7 Bd4 31.Kd2 Bb6 32.b4 Rc4 33.Bd6 g5 34.a5 Bg1 35.hxg5 fxg5 36.b5 Ra4
37.a6 Ra2+ 38.Kd3 Kd8 39.Bb8 Ra3+ 40.Kc2 Ra5 41.Bc7+  1-0

[Event "Reykjavik"]
[Site "Reykjavik"]
[Date "1987.??.??"]
[Round "?"]
[White "Short, Nigel D"]
[Black "Ljubojevic, Ljubomir"]
[Result "1-0"]
[WhiteElo "2615"]
[BlackElo "2620"]

1.e4 c5 2.Nf3 d6 3.d4 cxd4 4.Nxd4 Nf6 5.Nc3 a6 6.Be3 e6 7.f3 Be7 8.Qd2 b5
9.g4 Bb7 10.O-O-O O-O 11.h4 Nc6 12.Nxc6 Bxc6 13.g5 Nd7 14.Ne2 d5 15.Nd4 Bb7
16.Bh3 Ne5 17.Qe1 Nc4 18.f4 Nxe3 19.Qxe3 Qa5 20.Kb1 dxe4 21.Nxe6 Rfe8 22.h5 Bd8
23.Rd7 Bc6 24.Qd4 Bf6 25.gxf6 Bxd7 26.Qxd7 Qb6 27.Nxg7 Red8 28.Qg4 Kh8 29.Ne8  1-0

[Event "Reykjavik"]
[Site "Reykjavik"]
[Date "1987.??.??"]
[Round "?"]
[White "Short, Nigel D"]
[Black "Arnason, Jon L"]
[Result "1-0"]
[WhiteElo "2615"]
[BlackElo "2540"]

1.e4 c5 2.Nf3 d6 3.d4 cxd4 4.Nxd4 Nf6 5.Nc3 e6 6.g4 Be7 7.g5 Nfd7 8.h4 Nc6
9.Be3 O-O 10.Qe2 a6 11.O-O-O Nxd4 12.Rxd4 b5 13.f4 Qa5 14.Kb1 Bb7 15.Bg2 b4
16.Nd1 e5 17.fxe5 Nxe5 18.Bd2 Nc6 19.Rd5 Qc7 20.Ne3 a5 21.Nf5 Ne5 22.Rd4 Ba6
23.Qd1 Rfd8 24.Bf4 Bf8 25.h5 Bc4 26.Ne3 a4 27.g6 Rab8 28.Nxc4 Nxc4 29.gxf7+ Kh8
30.Qd3 Ne5 31.Bxe5 dxe5 32.Rd5 a3 33.Rd1 Rxd5 34.Qxd5 axb2 35.Bh3 b3 36.cxb3 Ba3
37.Qc4 Qb6 38.Qa4 Bf8 39.Qe8 Qb4 40.Qxe5 Rb5 41.Qd4 Qe7 42.h6 Qxf7 43.Rg1 Rh5
44.Be6 Qe7 45.hxg7+ Bxg7 46.Rxg7  1-0

[Event "Reykjavik"]
[Site "Reykjavik"]
[Date "1987.??.??"]
[Round "?"]
[White "Arnason, Jon L"]
[Black "Hjartarson, Johann"]
[Result "1/2-1/2"]
[WhiteElo "2540"]
[BlackElo "2555"]

1.e4 c5 2.Nf3 d6 3.d4 cxd4 4.Nxd4 Nf6 5.Nc3 a6 6.Be2 e5 7.Nb3 Be7 8.O-O O-O
9.Re1 Be6 10.Bf1 Nbd7 11.Nd5 Nxd5 12.exd5 Bf5 13.Bd2 a5 14.a4 Bg5 15.c3 Bg6
16.Bb5 Bxd2 17.Qxd2  1/2-1/2

[Event "Reykjavik"]
[Site "Reykjavik"]
[Date "1987.??.??"]
[Round "?"]
[White "Ljubojevic, Ljubomir"]
[Black "Hjartarson, Johann"]
[Result "1-0"]
[WhiteElo "2620"]
[BlackElo "2555"]

1.e4 e6 2.d4 d5 3.Nd2 c5 4.Ngf3 Nc6 5.exd5 exd5 6.Bb5 Bd6 7.dxc5 Bxc5 8.Nb3 Bd6
9.O-O Ne7 10.Re1 O-O 11.c3 Bg4 12.Be2 Re8 13.Nfd4 Bxe2 14.Rxe2 Ne5 15.Bg5 Qd7
16.Qc2 N7g6 17.Rae1 Qg4 18.Qf5 Nf3+ 19.Qxf3 Rxe2 20.Rxe2 Qxg5 21.g3 Rd8 22.Kf1 Be5
23.Nf5 Qf6 24.Qg4 Bc7 25.f4 Qa6 26.h4 Qxa2 27.Nbd4 Qb1+ 28.Kg2 h5 29.Qxh5 Bxf4
30.Qg4  1-0

[Event "Reykjavik"]
[Site "Reykjavik"]
[Date "1987.??.??"]
[Round "?"]
[White "Portisch, Lajos"]
[Black "Arnason, Jon L"]
[Result "1/2-1/2"]
[WhiteElo "2610"]
[BlackElo "2540"]

1.d4 Nf6 2.c4 e6 3.Nf3 b6 4.a3 Ba6 5.Qc2 Bb7 6.Nc3 c5 7.e3 cxd4 8.exd4 Be7
9.Bd3 Bxf3 10.gxf3 Nc6 11.Be3 Rc8 12.O-O Na5 13.Qe2 O-O 14.Rac1 d5 15.cxd5  1/2-1/2

[Event "Reykjavik"]
[Site "Reykjavik"]
[Date "1987.??.??"]
[Round "?"]
[White "Polugaevsky, Lev"]
[Black "Tal, Mihail"]
[Result "1/2-1/2"]
[WhiteElo "2585"]
[BlackElo "2605"]

1.Nf3 Nf6 2.c4 c5 3.g3 b6 4.Bg2 Bb7 5.O-O e6 6.b3 Be7 7.Bb2 O-O 8.Nc3 d5
9.e3 Nbd7 10.Qe2 dxc4 11.bxc4 Ne4 12.Nxe4 Bxe4 13.d3 Bb7 14.Rfd1 Qc7 15.a4 Bf6
16.Bxf6 Nxf6 17.a5 Bc6 18.Ne1 Bxg2 19.Nxg2 Nd7 20.Ne1 Ne5  1/2-1/2

[Event "Reykjavik"]
[Site "Reykjavik"]
[Date "1987.??.??"]
[Round "?"]
[White "Polugaevsky, Lev"]
[Black "Portisch, Lajos"]
[Result "1/2-1/2"]
[WhiteElo "2585"]
[BlackElo "2610"]

1.d4 Nf6 2.c4 e6 3.Nf3 d5 4.Nc3 Be7 5.Bg5 O-O 6.e3 h6 7.Bxf6 Bxf6 8.Rc1 c6
9.Bd3 Nd7 10.O-O Be7 11.e4 dxc4 12.Bxc4 b5 13.Bb3 a6 14.d5 cxd5 15.exd5 Nc5  1/2-1/2

[Event "Reykjavik"]
[Site "Reykjavik"]
[Date "1987.??.??"]
[Round "?"]
[White "Polugaevsky, Lev"]
[Black "Ljubojevic, Ljubomir"]
[Result "1/2-1/2"]
[WhiteElo "2585"]
[BlackElo "2620"]

1.d4 g6 2.c4 Bg7 3.e4 d6 4.Nc3 Nc6 5.d5 Nd4 6.Be3 c5 7.Nge2 Qb6 8.Na4 Qa5+
9.Bd2 Qa6 10.Nxd4 Bxd4 11.Nc3 Qb6 12.Nb5 Bxb2 13.Rb1 Bg7 14.Qa4 Kf8 15.Ba5 Qa6
16.Qa3 b6 17.Nc7 Qxa5+ 18.Qxa5 bxa5 19.Nxa8 Bc3+ 20.Kd1 Nf6 21.Bd3 Bb4 22.Nc7 Kg7
23.Ke2 a6 24.f3 Nd7 25.f4 h5 26.Bc2 h4 27.Rhf1 h3 28.g3 Nf6 29.e5 Ng4 30.e6 Nxh2
31.Rh1 Ng4 32.Kf3 f5 33.a3 Bxa3 34.Rb8 Bb4 35.Ba4 Nf6 36.Bc6 Bc3 37.Na8 a4
38.Bxa4 Nxd5 39.cxd5 Bxe6 40.Nc7 Rxb8 41.Nxe6+ Kf7 42.Ng5+ Kf8 43.Rxh3 Rb4
44.Ne6+ Kf7 45.Bd7 Rb3 46.Ke2 Bf6 47.Rh7+ Kg8 48.Rh6 Kf7 49.Rh7+ Kg8 50.Rh6 Kf7  1/2-1/2

[Event "Reykjavik"]
[Site "Reykjavik"]
[Date "1987.??.??"]
[Round "?"]
[White "Polugaevsky, Lev"]
[Black "Arnason, Jon L"]
[Result "1/2-1/2"]
[WhiteElo "2585"]
[BlackElo "2540"]

1.d4 Nf6 2.c4 e6 3.Nf3 b6 4.a3 Ba6 5.Qc2 Bb7 6.Nc3 c5 7.e4 cxd4 8.Nxd4 Nc6
9.Nxc6 Bxc6 10.Bf4 Nh5 11.Bd2 Qb8 12.g3 f5 13.Bd3 Bd6 14.O-O-O f4 15.Rhe1 Be5
16.Nd5 O-O 17.Bb4 Rf7 18.Ne7+ Kh8 19.Nxc6 dxc6 20.Bf1  1/2-1/2

[Event "Reykjavik"]
[Site "Reykjavik"]
[Date "1987.??.??"]
[Round "?"]
[White "Petursson, Margeir"]
[Black "Olafsson, Helgi"]
[Result "1/2-1/2"]
[WhiteElo "2535"]
[BlackElo "2555"]

1.d4 Nf6 2.c4 e6 3.Nf3 b6 4.g3 Ba6 5.b3 Bb7 6.Bg2 Bb4+ 7.Bd2 a5 8.O-O O-O
9.Qc2 c5 10.Rd1 Be4 11.Qb2 Nc6 12.dxc5 Bxc5 13.Nc3 Qe7 14.Bg5 Bg6 15.e3 Rad8
16.Nd4 h6 17.Bh4 Bh5 18.Nxc6 dxc6 19.Rxd8 Rxd8 20.Ne4 e5 21.Nxf6+ gxf6 22.Bxc6 Qe6
23.Bg2 Bb4 24.Qc2 Rd2 25.Qe4 Bg6 26.Qa8+ Kg7 27.Be4 Qg4 28.Bf3 Qd7 29.a3 Bc3
30.Rf1 Bd3 31.Rd1 Rxd1+ 32.Bxd1 Bxc4 33.bxc4 Qxd1+ 34.Kg2 Qg4 35.h3 Qxc4
36.Qf3 Qe6 37.a4 e4 38.Qe2 Qd7 39.Qc4 Qd3 40.Qc6 Be5 41.Qxb6 Qd1  1/2-1/2

[Event "Reykjavik"]
[Site "Reykjavik"]
[Date "1987.??.??"]
[Round "?"]
[White "Petursson, Margeir"]
[Black "Agdestein, Simen"]
[Result "0-1"]
[WhiteElo "2535"]
[BlackElo "2560"]

1.d4 e6 2.c4 f5 3.Nf3 Nf6 4.g3 d5 5.Bg2 Be7 6.O-O O-O 7.b3 c6 8.Ba3 Nbd7
9.Bxe7 Qxe7 10.Nc3 b6 11.Rc1 Ba6 12.Ne5 Rac8 13.Re1 Nxe5 14.dxe5 Ng4 15.cxd5 exd5
16.Qd4 Nxe5 17.Qa4 Qb7 18.Rcd1 Rcd8 19.Rd4 Kh8 20.Red1 Ng6 21.e3 b5 22.Qa3 Qb6
23.h4 h6 24.b4 Bb7 25.Qb3 Ne5 26.a4 a6 27.Ne2 Rb8 28.Nf4 bxa4 29.Qxa4 Bc8
30.Qa1 Re8 31.Qc3 Be6 32.Qc2 Bc8 33.Ra1 Qa7 34.Kh1 Rb6 35.Qc5 Qb8 36.Bf1 Nf3
37.Rdd1 Rxb4 38.Bxa6 Bxa6 39.Rxa6 Rb2 40.Kg2 Ne5 41.Nd3 Ng4 42.Re1 Qb3 43.Ra3 Qc2
44.Rc3 Qd2 45.Qxc6 Rg8 46.Kf1  0-1

[Event "Reykjavik"]
[Site "Reykjavik"]
[Date "1987.??.??"]
[Round "?"]
[White "Olafsson, Helgi"]
[Black "Tal, Mihail"]
[Result "1/2-1/2"]
[WhiteElo "2555"]
[BlackElo "2605"]

1.d4 e6 2.c4 Nf6 3.Nf3 c5 4.d5 exd5 5.cxd5 d6 6.Nc3 g6 7.Bf4 a6 8.a4 Bg7
9.e4 Bg4 10.Be2 Qe7 11.Nd2 Bxe2 12.Qxe2 Nh5 13.Be3 Nd7 14.O-O O-O 15.a5 Be5
16.g3 Rae8 17.Bh6 Bg7 18.Bxg7 Nxg7 19.Rfe1 f5 20.exf5 Qd8 21.Qf1  1/2-1/2

[Event "Reykjavik"]
[Site "Reykjavik"]
[Date "1987.??.??"]
[Round "?"]
[White "Olafsson, Helgi"]
[Black "Agdestein, Simen"]
[Result "0-1"]
[WhiteElo "2555"]
[BlackElo "2560"]

1.d4 e6 2.c4 f5 3.g3 Nf6 4.Bg2 c6 5.Nf3 d5 6.O-O Bd6 7.b3 Qe7 8.Bb2 b6 9.Qc1 O-O
10.Ba3 Bb7 11.Bxd6 Qxd6 12.Qa3 c5 13.dxc5 bxc5 14.Nc3 Nbd7 15.Rfd1 f4 16.Rac1 a6
17.Bh3 Rae8 18.Rc2 h6 19.Na4 Ne4 20.cxd5 exd5 21.Bxd7 Qxd7 22.Nxc5 Nxc5 23.Rxc5 Rxe2
24.Nd4 fxg3 25.fxg3 Qf7  0-1

[Event "Reykjavik"]
[Site "Reykjavik"]
[Date "1987.??.??"]
[Round "?"]
[White "Ljubojevic, Ljubomir"]
[Black "Timman, Jan H"]
[Result "0-1"]
[WhiteElo "2620"]
[BlackElo "2590"]

1.e4 e6 2.d4 d5 3.Nd2 Nf6 4.e5 Nfd7 5.c3 c5 6.f4 Nc6 7.Ndf3 Qb6 8.g3 Be7
9.Bh3 f5 10.Ne2 O-O 11.g4 cxd4 12.cxd4 Qd8 13.O-O Nb6 14.a3 Bd7 15.b3 Be8
16.gxf5 exf5 17.Qd3 Bg6 18.Ng3 Kh8 19.Ra2 Rc8 20.Re2 Rc7 21.Bb2 Qc8 22.Ne1 h6
23.Ng2 Bh7 24.Ne3 g6 25.Bg2 Qd7 26.Rc2 Rfc8 27.Ne2 a6 28.Rc5 Bg8 29.Nc3 Nd8
30.Ncxd5 Nxd5 31.Nxd5 Rxc5 32.e6 Nxe6 33.dxc5+ Ng7 34.b4 Rd8 35.Qc3 Bf8 36.Nf6 Qf7
37.Re1 a5 38.b5 Qc7 39.c6 bxc6 40.Nxg8 Kxg8 41.Qxc6 Qxf4 42.b6 Rd2 43.Rf1 Qe3+
44.Kh1 Rxb2 45.Qxg6 Qe6 46.Qxe6+ Nxe6 47.b7 Kg7 48.Rxf5 Rb1+ 49.Rf1 Rxf1+
50.Bxf1 Bd6 51.Bg2 Kf6 52.Bf3 Ke7 53.Kg2 Kd8  0-1

[Event "Reykjavik"]
[Site "Reykjavik"]
[Date "1987.??.??"]
[Round "?"]
[White "Ljubojevic, Ljubomir"]
[Black "Tal, Mihail"]
[Result "1/2-1/2"]
[WhiteElo "2620"]
[BlackElo "2605"]

1.e4 e5 2.Nf3 Nc6 3.Bb5 a6 4.Ba4 Nf6 5.O-O Be7 6.Re1 b5 7.Bb3 O-O 8.d3 d6
9.c3 Na5 10.Bc2 c5 11.Nbd2 Nc6 12.Nf1 Re8 13.Bg5 Be6 14.Ne3 Ng4 15.Bxe7 Nxe3
16.Bxd8 Nxd1 17.Bc7 Nxb2 18.Reb1 Rec8 19.Bxd6 Nxd3 20.Bxd3 Rd8 21.a4 Rxd6
22.axb5 Rxd3 23.bxc6 f6 24.c7 Rc8 25.Rxa6 Kf7 26.Rc6 Rxc3 27.h4 Bd7 28.Rb8 Ke7
29.h5 c4 30.Kh2 Rc1 31.Rxc8 Bxc8 32.Nd2 Kd7 33.h6 gxh6 34.Rxc4 Rxc4 35.Nxc4 Kxc7
36.Ne3 Kc6 37.Kg3 Kc5 38.Nd5  1/2-1/2